00853nam a2200253Ia 4500003000400000005001700004008004100021020001500062040001800077041000800095082002400103100002700127245003800154250001200192260004300204300003200247650003400279650003600313650005100349700002600400942003700426999001900463952011700482OSt20230719142422.0210716s2000 xx 000 0 und d a8176563102 cAIMIT LIBRARY aeng a004.77028 21bBAYI aBayross, Ivan.9127760 aPractical ASP /cBy Ivan Bayross. a1st ed. aNew Delhi :bBPB Publications ,c2000. avi,563,viiip. ;bPBc24 cm. aUnderstanding objects9127761 aWorking with html forms9127762 aWorking with files and the file system9127763 aBayross Ivan.9127764 2ddccBKe1st ed.k004.77028 BAYI c184014d184014 00102ddc40708MCAaAIMITbAIMITd2021-07-16l0o004.77028 BAYIpMCA03522r2025-07-21 00:00:00w2021-07-16yBK